00551nam a2200145Ia 4500008004100000082002000041100001600061245003400077260004000111630001800151650009300169942000900262952011700271999001700388211109s9999||||xx |||||||||||||| ||und|| a894.8123bKOV-T aKovoor, E M 0aTherenjedutha Kathakal: Vol 4 bNational Book StallaKottayamc1965 xGeneral Stack aMalayalam Literaturevmalayalam FictionMalayalam NovelMalayalam Short StoriesxMalayalam cBOOK 00104070aSBCLbSBCLc2d2021-11-09g10.00l0o894.8123 KOV-Tp00027983r2021-11-09 00:00:00w2021-11-09yBOOK c27164d27164